Ładuje się......

Pathrapravarthanam thozhilum kadhayum

Opis bibliograficzny
1. autor: Prabhakaran Puthoor
Format: Printed Book
Wydane: Kottayam SPCS 2016
LEADER 00387nam a22001097a 4500
100 |a Prabhakaran Puthoor 
245 |a Pathrapravarthanam thozhilum kadhayum 
260 |a Kottayam  |b SPCS  |c 2016 
300 |a 120P 
942 |c BK 
999 |c 291122  |d 291122 
952 |0 0  |1 0  |4 0  |6 070_430000000000000_PRA_P  |7 0  |9 331383  |a HIS  |b HIS  |c ST1  |d 2017-07-11  |i 25584  |l 1  |o 070.43 PRA/P  |p HIS25584  |r 2018-03-13  |s 2018-02-28  |w 2017-07-11  |y BK